Riconosci il Pokémon - Quiz n°676 - Statistics

Statistiche generali
  • Questo quiz è stato fatto 0 volte
  • Il punteggio medio è 0 su 10
Statistiche sulle risposte
Indizio Riposta % Corretto
Altezza 0,5 m
0%
Peso 10,2 kg
0%
Tasso di cattura 120 (24.9%)
0%
Sesso 50% ♂, 50% ♀
0%
Abilità Agonismo; Forza Interiore; Pressione
0%
Tipo Bui /
0%
Stadio evoluzione Forma Base
0%
Tasso di allevamento Medio-Veloce
0%
Pokémon Pawniard
0%
Generazione Quinta
0%
Nessun quiz corrispondente trovato
Distribuzione punteggi
Percentuale di utenti per punteggio
Percentile per numero di risposta
I tuoi punteggi nel tempo
Non hai fatto questo quiz